000 01616cam a22003251 4500
001 he 68001993
003 DLC
005 20260227111500.0
008 911023m19611881is 000 0 heb
010 _ahe 68001993
035 _a(OCoLC)24611878
040 _aDLC
_cCU
_dCU
_dDLC
042 _apremarc
050 0 0 _aBM520
_b.86A2 1961
100 0 _aJacob ben Asher,
_dapproximately 1269-approximately 1340.
245 1 0 _aArbaʻah ṭurim;
_cḥibro Yaʻaḳov ben Asher. ʻIm perush ṿe-ḥidushe Yosef Ḳaro ... Bet Yosef ... ṿe-ʻim perush ṿe-ḥidushe Yoʼel Sirḳesh ... Bet ḥadash, ṿe-ʻim Sefer Darkhe Mosheh, meha-gaʼon Mosheh Iserlish, ṿe-ʻim perush ṿe-ḥidushe Yosheʻa Ṿalḳ Kats ... Derishah u-ferishah, ṿe-ʻim ḥidushe Lev Ḥanelesh .. ṿe-gam nitṿasfu hagahot ...
260 _a[Yerushalayim,
_bḲiryah Neʼemanah,
_c1961/62-63/64]
300 _a4 v. in 7.
_c29 cm.
500 _aVol. 3 numbered 4.
500 _aReduced photo-offset of Warsaw, 1881/82 ed.
500 _aL. C. set incomplete: v. 4, part 2 wanting.
505 0 _aṬur 1. Oraḥ ḥayim 2 v. -- Ṭur 2. Yoreh deʻah 2 v. -- Ṭur [3] Even ha-ʻezer -- Ṭur 4. Ḥoshen ha-mishpaṭ 2 v.
650 0 _aJewish law.
700 1 _aHanneles, Judah Leib ben Meir,
_d-1596.
700 1 _aKaro, Joseph ben Ephraim,
_d1488-1575.
_tBet Yosef
700 1 _aSirkes, Joel,
_d1561-1640.
_tBet ḥadash
700 1 _aIsserles, Moses ben Israel,
_dapproximately 1525-1572.
_tDarkhe Mosheh
700 1 _aFalk, Joshua ben Alexander,
_cha-Kohen,
_dapproximately 1555-1614.
_tDerishah u-ferish
740 0 _aṬur.
999 _c33469
_d33469